000 00639nam a22002417a 4500
003 OSt
005 20220924113629.0
006 a|||||r|||| 00| 0
007 ta
008 220923b |||||||| |||| 00| 0 eng d
024 _a76213
037 _cGeneral Books
040 _aARTS
_cARTS
_beng
041 _2eng
_aeng
082 _aR4, J9-;1 (ER)
100 _aHill Thomas English
_978499
245 0 _aContemporary ethical theories
260 _aNew York
_b Macmillan
_c1959
300 _ap.
650 _aETHICS
942 _hR4, J9-;1 (ER)
_cGB
_2CC
999 _c390273
_d390273